Statistiken für 10 der heißesten Länder Europas

Klicken Sie hier um das Quiz zu spielen!

Allgemein

  • Dieses Quiz wurde 443 mal gespielt
  • Das Durchschnittsergebnis liegt bei 9 aus 10

Antwortstatistiken

° CLand% Korrekt
13.30Spanien
100%
13.45Italien
99%
15.40Griechenland
98%
15.15Portugal
97%
19.20Malta
91%
11.40Albanien
90%
10.90Kroatien
88%
11.85San Marino
86%
15.20Vatikan-Stadt
85%
13.55Monaco
78%

Verteilung der Resultate

Perzentil nach korrekt beantworteten Fragen

Anzahl Personen mit jedem Resultat

Ihre Resultats-Entwicklung

Sie haben dieses Quiz noch nicht gespielt